000 00769nam a2200217Ia 4500
003 GCL
008 140319s9999 xx 000 0 ara d
020 _a4139010977
040 _aGCL /
_cGCL
082 0 4 _a210.92
_bس ا
100 1 _aسامية عبدالعزيز منيسى
245 1 0 _aاسلام نجاشى الحبشة ودوره فى صدر الدعوة الاسلامية /
_cسامية عبدالعزيز منيسى
250 _aالاولى
260 _aالقاهرة :
_bدار الفكر العربى ،
_c2001
300 _a128 ص ؛
_c24 سم
650 0 4 _aالمسلمون
650 0 4 _aالاسلام - تراجم
650 0 4 _aالمهاجرون والانصار
650 0 4 _aالنجاشى : اصمعة بن ابجر
942 _2ddc
_cBK
999 _c57518
_d57518